Statistics for Countries highest points

Click here to take the quiz!

General Stats

  • This quiz has been taken 5 times
  • The average score is 7 of 10

Answer Stats

PointAnswer% Correct
Mount LoganCanada
100%
HuascaranPeru
100%
DenaliUSA
100%
K2Pakistan
100%
AconcaguaArgentina
80%
Nevado SajamaBolivia
80%
KangchenjungaIndia
80%
ChimborazoEcuador
60%
NoshaqAfghanistan
20%
Khan TengriKazakhstan
20%

Score Distribution

Percentile by Number Answered

Percent of People with Each Score

Your Score History

You have not taken this quiz